000 01277cam a2200349 a 4500
001 13902874
003 OSt
005 20210417105830.0
008 050317s2005 nyuab b 001 0 eng
010 _a 2005046010
020 _a0066210860
040 _aDLC
_cDLC
_dDLC
050 0 0 _aP107
_b.O88 2005
080 _a94
_bO-88
082 0 0 _a409
_222
100 1 _aOstler, Nicholas.
245 1 0 _aEmpires of the word :
_ba language history of the world /
_cNicholas Ostler.
250 _a1st American ed.
260 _aNew York :
_bHarperCollins Publishers,
_cc2005.
300 _axxi, 615 p. :
_bill., maps ;
_c24 cm.
365 _b29.95 usd
504 _aIncludes bibliographical references (p. 579-589) and index.
650 0 _aLanguage and languages.
650 0 _aHistorical linguistics.
653 _aლინგვისტიკა
653 _aენა
856 4 2 _3Contributor biographical information
_uhttp://www.loc.gov/catdir/enhancements/fy0911/2005046010-b.html
856 4 2 _3Publisher description
_uhttp://www.loc.gov/catdir/enhancements/fy0911/2005046010-d.html
906 _a7
_bcbc
_corignew
_d1
_eocip
_f20
_gy-gencatlg
942 _2udc
_cBK
_e1
999 _c183
_d183